<Die> Kirchenfinanzierung in der Slowakei im internationalen Vergleich: Bestandsaufnahme und Reformansätze diplomová práca

Salvato in:
Dettagli Bibliografici
Autore principale: Klátik, Ján
Ente Autore: Ekonomická univerzita v Bratislave. Ústav medzinárodných programov
Altri autori: Klein, Martin
Natura: Libro
Lingua:tedesco
Pubblicazione: Bratislava 2014
Tags: Aggiungi Tag
Nessun Tag, puoi essere il primo ad aggiungerne!!

MARC

LEADER 00000nbm a2200000 4500
001 0199591
005 20170523101730.1
041 0 |a ger 
044 |a SK 
245 1 0 |a <Die> Kirchenfinanzierung in der Slowakei im internationalen Vergleich: Bestandsaufnahme und Reformansätze  |b diplomová práca  |c Ján Klátik ; školiteľ: Martin Klein 
264 1 |a Bratislava  |c 2014 
300 |a 58 s. 
100 1 |a Klátik, Ján 
700 1 |a Klein, Martin 
710 2 |a Ekonomická univerzita v Bratislave. Ústav medzinárodných programov